000 00430nam a2200181Ia 4500
008 220531s9999 xx 000 0 und d
041 _aeng
082 _bSIN
100 _aSingh, R. A.
_948266
245 _aCritical Studies On Common Wealth Literature
250 _a1ST
260 _bB,K,Enclave
_c2003
300 _a181
542 _d31-03-2006
650 _aEnglish
_948267
906 _d2005-2006
999 _c28260
_d28260